00474cam a22001692 4500001001100000005001700011008004100028020001700069040001500086100003100101245005800132250001300190260004300203300001800246650003700264852000300301000002040420151217152214.0110916s xx 000 0 eng d a0853697619 : aKABUcKABU1 aMason, Pamela.@000018065410aDietary supplements pocket companion /cPamela Mason. a1st ed. aLondon :bPharmaceutical Press,c2009. axiii, 178 p. 0aDietary supplements.@00001806551